2019 Kpop Debuts/Comebacks - Statistics

General Stats
  • This quiz has been taken 743 times
    726 since last reset
  • The average score is 10 of 15
Answer Stats
Song Artist % Correct
Kill this Love Blackpink
100%
Boy with Luv BTS
99%
Dalla Dalla ITZY
98%
Fancy TWICE
98%
Zimzalabim Red Velvet
95%
Bon Bon Chocolat Everglow
80%
gogobebe MAMAMOO
76%
Side Effects Stray Kids
74%
Birthday SOMI
67%
FUN! Fromis_9
43%
Eclipse GOT7
43%
Fever Gfriend
33%
BIM BAM BUM Rocket Punch
21%
No one LEE HI
19%
Really Really Cherry Bullet
16%
No matching quizzes found
Score Distribution
Percent of People with Each Score
Percentile by Number Answered
Your Score History
You have not taken this quiz since the last reset